Microfinance: Evaluation Achievements and Challenges. (Record no. 506)

MARC details
005 - DATE AND TIME OF LATEST TRANSACTION
control field 20250621114148.0
020 ## - INTERNATIONAL STANDARD BOOK NUMBER
International Standard Book Number 1 85339 561 7
082 ## - DEWEY DECIMAL CLASSIFICATION NUMBER
Classification number 332.06 MIC
245 ## - TITLE STATEMENT
Title Microfinance: Evaluation Achievements and Challenges.
260 ## - PUBLICATION, DISTRIBUTION, ETC.
Place of publication, distribution, etc. London,
Name of publisher, distributor, etc. Practical Action,
Date of publication, distribution, etc. 2003.
300 ## - PHYSICAL DESCRIPTION
Extent vii,182p.: ill.; figure, table
Dimensions 23cm
700 ## - ADDED ENTRY--PERSONAL NAME
Other authors/Editors HARPER, M.
856 ## - ELECTRONIC LOCATION AND ACCESS
Link text Access Online Book
Electronic name Microfinance
Path www.itdgpublishing.org.uk
942 ## - ADDED ENTRY ELEMENTS (KOHA)
Source of classification or shelving scheme Dewey Decimal Classification
Koha item type Books
Holdings
Date last seen Total checkouts Full call number Barcode Cost, replacement price Price effective from Koha item type Lost status Source of classification or shelving scheme Damaged status Not for loan Withdrawn status Home library Current library Shelving location Date acquired Cost, normal purchase price
03/12/2025   332.06 MAC 0000002093 75000.00 03/12/2025 Books   Dewey Decimal Classification       College of Business Education Main Library College of Business Education Main Library General Collection 03/12/2025 25000.00
03/12/2025   332.06 MAC 0000002094 75000.00 03/12/2025 Books   Dewey Decimal Classification       College of Business Education Main Library College of Business Education Main Library General Collection 03/12/2025 25000.00
03/12/2025   332.06 MAC 0000002095 75000.00 03/12/2025 Books   Dewey Decimal Classification       College of Business Education Main Library College of Business Education Main Library General Collection 03/12/2025 25000.00